00305nam a2200121Ia 4500008004100000041000800041082001700049100001600066245003000082260003700112300002300149365001100172240624s9999 xx 000 0 und d aeng a658.3124 BRO aBROWELL SUE aSTAFF RETENTION IN A WEEK c2003aLondonbHodder & Stoughton a96 : p. : cm. ; 20 cRSb33